000 02198nam a2200433 c 4500
001 57850
003 CO-BoRNBP
005 20250731171825.0
007 ta
008 140609s2013 ck a|||br|| 000 0 jpspa d
020 _a9588545617
_qISBN 10
020 _a9789588545615
_qISBN 13
040 _aCO-BoRNBP
_bspa
_erda
_cCO-BoRNBP
041 1 _aspa
_hpor
043 _ae-po---
084 _aA
100 _aAlmeida, Carla Maia de,
_d1969
_eaut
_961806
245 1 0 _aNo quiero usar anteojos /
_cCarla Maia de Almeida ; ilustraciones André Letria ; traducción Gabriela Santa Arciniegas.
250 _aPrimera edición
_bEdición especial para el Ministerio de Cultura
264 1 _aBogotá, Colombia :
_bTaller de Edición Rocca,
_c2013
300 _a[28] páginas sin enumerar :
_bilustraciones a color
336 _atexto
_btxt
_2rdacontenido
337 _asin mediación
_bn
_2rdamedio
338 _avolumen
_bnc
_2rdasoporte
490 0 _aColección para la Primera Infancia del Ministerio de Cultura - Primera Infancia 2013
490 0 _aOtras letras
500 _aIncluye datos biográficos de la autora, ilustrador y traductora
520 _aEsta original obra cuenta la historia de un niño que como dice su título no quiere usar anteojos y tiene que ir al oftalmólogo. Acompañado por las excelentes y simpáticas ilustraciones de André Letria, será de fácil lectura y ayudará a los niños que utilizan anteojos para que vean la situación con humor y no teman a las risas de los demás. Este libro hará a los niños ponerse los anteojos y ver el mundo de una manera divertida, desde todas las formas, colores y tamaños
521 _aRecomendado para niños de 6 a 8 años
534 _tNao Quero Usuar Óculos
650 0 7 _aÁlbumes infantiles portugueses
_2lemb
_961807
650 0 7 _aAutoestima en niños
_vlibros ilustrados para niños
_2lemb
_961808
650 0 7 _aLiteratura infantil portuguesa
_ysiglo xx
_2lemb
_9989
650 0 7 _aRespeto por las personas
_2lemb
_961809
700 _aLetria, André
_eill
_961810
700 _aSanta Arciniegas, Gabriela
_etrl
_961811
830 0 _aPlan Nacional de Lectura y Escritura Leer es mi cuento
_961812
942 _2loc
_cBKLITI
999 _c57850
_d57850